Prodejce v podmínkách konkurence Praxe úspěšného prodejce

Pracovníci externej predajnej služby ako pozorovatelia konkurencie. Niekoľko pripomienok k správnej organizácii analýzy konkurencie a podávaní správ o konkurencii. Pojem reaktancia - citový odpor voči ovplyvňovaniu predajcom. Nový termín v predaji - analýza dodávateľov. Hodnotenie dodávateľov zákazn...

Ausführliche Beschreibung

Gespeichert in:
Bibliographische Detailangaben
Format: Buchkapitel
Sprache:Slowakisch
Schlagworte:
Tags: Tag hinzufügen
Keine Tags, Fügen Sie das erste Tag hinzu!

MARC

LEADER 00000naa a2200000 4500
001 r015299
005 20221213113911.3
041 0 |a slo 
044 |a SK 
245 1 0 |a Prodejce v podmínkách konkurence  |b Praxe úspěšného prodejce 
520 |a Pracovníci externej predajnej služby ako pozorovatelia konkurencie. Niekoľko pripomienok k správnej organizácii analýzy konkurencie a podávaní správ o konkurencii. Pojem reaktancia - citový odpor voči ovplyvňovaniu predajcom. Nový termín v predaji - analýza dodávateľov. Hodnotenie dodávateľov zákazníkmi. 
610 2 0 |a predajcovia 
610 2 0 |a konkurencia 
610 2 0 |a dodávatelia 
610 2 0 |a zákazníci